00957 a2200169 45000010006000000050017000060080041000230030015000640400040000790800039001192450075001582640028002333000019002615050467002801000020007477000020007673068220260407155616.0260407a1975 arg spa dAR-UNSa-BCEJYS aAR-UNSa-BCEJYSbspacAR-UNSa-BCEJYS a657.6xAuditoria (control interno)10aAuditoríapIntroducción a la práctica de la contaduria pública 1aMéxico :bDianac1975 a629 p.c24 cm. a1. El significado de auditoría - 2. La mecánica de la auditoría - 3. Planeación de la auditoría - 4. La revisión de procedimientos - 5. Operaciones - 6. Disponibilidades - 7. Cuentas por cobrar - 8. Inventarios - 9. Inversiones, cargos diferidos, intangibles - 10. Activo fijo - 11. Depreciación - 12. Pasivo - 13. Capital pagado,superávit - 14. La auditoría detallada - 15. Terminación de la auditoría ,estados financieros - 16. Informes. 1 aKohler, Eric L.1 aBalarezo, Jorge